000 00429nam a2200133Ia 4500
008 151001s9999||||xx |||||||||||||| ||und||
100 _aजयंती विश्वनाथ सहस्त्रबुद्धे
245 _aसौदर्याच्या औषधी खजिना
250 _a1
260 _bशारदा साहित्य
260 _c1960
300 _a80
365 _b21
999 _c974169
_d974166